[Event "FIDE Open"]
[Site "Voronezh"]
[Date "2017.06.15"]
[Round "4.22"]
[White "Pavlova, Natalia"]
[Black "Pikalova, Sofya"]
[Result "1-0"]
[WhiteElo "1954"]
[BlackElo "1792"]
[Annotator ""]
[Source ""]
[Remark ""]

1.Nf3 d5 2.b3 c5 3.Bb2 e6 4.e3 a6 5.c4 Nf6 6.Be2 Nc6 7.O-O Be7
8.d4 O-O 9.Nc3 b6 10.Rc1 Bb7 11.cxd5 exd5 12.dxc5 Bxc5 13.Na4
Be7 14.Nd4 Nxd4 15.Qxd4 b5 16.Nc5 Bxc5 17.Rxc5 Qe7 18.Bf3 Rfc8
19.Rfc1 Qd7 20.h3 Rc6 21.Rxc6 Bxc6 22.Qb6 Rc8 23.Qxa6 Bb7 24.Rxc8+
Bxc8 25.Qa8 Qb7 26.Qxb7 Bxb7 27.Bxf6 gxf6 28.Kf1 Kf8 29.Ke2 Ke7
30.Kd3 Kd6 31.Kd4 f5 32.a4 b4 33.a5 f6 34.Be2 h6 35.a6 Bc8 36.Bb5
h5 37.h4 Kc7 38.Kxd5 Kb6 39.Kc4 Be6+ 40.Kxb4 Bd5 41.g3 Bf7 42.Bc4
Be8 43.Kc3 Bd7 44.b4 Be8 45.Kd4 Bg6 46.Bd3 Kc6 47.b5+ Kb6 48.Kd5
Be8 49.Kd6 1-0

[Event "FIDE Open"]
[Site "Voronezh"]
[Date "2017.06.15"]
[Round "4.23"]
[White "Kuritsina, Zlata"]
[Black "Rozmanov, Aleksandr"]
[Result "0-1"]
[WhiteElo "1538"]
[BlackElo "1928"]
[Annotator ""]
[Source ""]
[Remark ""]

1.d4 d5 2.Bf4 Nf6 3.e3 Bf5 4.Bd3 e6 5.Bxf5 exf5 6.Nf3 Bd6 7.Bg3
Bxg3 8.hxg3 Qd6 9.c3 Nbd7 10.Nbd2 O-O-O 11.Qc2 Ne4 12.O-O-O Nxf2
13.Qxf5 Nxd1 14.Rxd1 f6 15.Qg4 Rhg8 16.Rh1 h6 17.Qg6 Kb8 18.Nh4
Nf8 19.Qf7 Ne6 20.Nf5 Qa6 21.a3 Ng5 22.Qg6 Qe2 23.Rd1 Rde8 24.Nh4
Qxe3 25.Nhf3 Nxf3 26.gxf3 a6 27.Qf7 Qe6 28.Qg6 Re7 29.f4 Rge8
30.g4 Qe3 31.Qf5 c6 32.Rf1 Qg3 33.Kc2 Re2 34.Qd7 Rxd2+ 35.Kxd2
Qg2+ 36.Kc1 Qxf1+ 37.Kc2 Qe2+ 38.Kb3 Qc4+ 39.Kc2 Re2+ 40.Kc1
Re1+ 41.Kc2 Qe2+ 42.Kb3 Qb5+ 43.Kc2 Qc4 44.b3 Qe2# 0-1

[Event "FIDE Open"]
[Site "Voronezh"]
[Date "2017.06.15"]
[Round "4.24"]
[White "Rudakov, Sergey S."]
[Black "Chervonenkis, Boris"]
[Result "0-1"]
[WhiteElo "1575"]
[BlackElo "1918"]
[Annotator ""]
[Source ""]
[Remark ""]

1.e4 e6 2.c4 d5 3.cxd5 exd5 4.exd5 Qxd5 5.Nc3 Qd8 6.Bc4 Nf6 7.Nf3
Bd6 8.O-O O-O 9.h3 c6 10.d4 h6 11.Ne5 Qc7 12.Re1 Nbd7 13.Nxd7
Bxd7 14.Qf3 Qd8 15.Bf4 Bxf4 16.Qxf4 Re8 17.Ne4 Rxe4 18.Rxe4 Nxe4
19.Bxf7+ Kf8 20.Qxe4 Kxf7 21.Re1 Qf6 22.Qd3 Be6 23.Re3 Bd5 24.Re5
Kg8 25.Qe3 Rf8 26.Re7 Qg6 27.Qg3 Qxg3 28.fxg3 Rf7 29.Re8+ Kh7
30.b3 Kg6 31.Re3 Kf6 32.h4 Re7 33.Rxe7 Kxe7 0-1

[Event "FIDE Open"]
[Site "Voronezh"]
[Date "2017.06.15"]
[Round "4.25"]
[White "Piskov, Vladimir A."]
[Black "Strukov, Dmitry"]
[Result "1-0"]
[WhiteElo "1909"]
[BlackElo "1708"]
[Annotator ""]
[Source ""]
[Remark ""]

1.d4 Nf6 2.Nf3 g6 3.g3 Bg7 4.Bg2 O-O 5.c4 c5 6.O-O cxd4 7.Nxd4
Nc6 8.Nc3 Nxd4 9.Qxd4 a6 10.Qd2 Qc7 11.b3 d6 12.Bb2 Bd7 13.Rac1
Bc6 14.e4 Rad8 15.Rfd1 Qa5 16.Nd5 Qxd2 17.Nxe7+ Kh8 18.Rxd2 Rfe8
19.Nxc6 bxc6 20.f3 d5 21.cxd5 cxd5 22.Rcd1 Rc8 23.exd5 Nd7 24.Bxg7+
Kxg7 25.Bf1 a5 26.Kf2 Rc3 27.Bb5 Rd8 28.Rd3 Rc5 29.Bxd7 Rxd7
30.d6 Kf6 31.Rd5 Rc2+ 32.R1d2 Rxd2+ 33.Rxd2 Ke6 34.Ke3 f5 35.Rd4
Rxd6 36.Rxd6+ Kxd6 37.Kd4 Ke6 38.f4 Kd6 39.a3 h6 40.Kc4 Kc6 41.h4
h5 42.a4 1-0

[Event "FIDE Open"]
[Site "Voronezh"]
[Date "2017.06.15"]
[Round "4.26"]
[White "Sokolovsky, Victor"]
[Black "Romanov, Maksim"]
[Result "1-0"]
[WhiteElo "1896"]
[BlackElo "1452"]
[Annotator ""]
[Source ""]
[Remark ""]

1.e4 Nf6 2.e5 Nd5 3.Nc3 Nxc3 4.dxc3 d6 5.Bc4 e6 6.Nf3 dxe5 7.Qe2
Be7 8.Bd2 c6 9.O-O-O Qc7 10.Nxe5 Bd6 11.Bf4 Nd7 12.Rxd6 Qxd6
13.Ng6 Qc5 14.Nxh8 Nb6 15.Bb3 Qf5 16.Bc7 Nd5 17.Bxd5 cxd5 18.Qb5+
Ke7 19.Qb4+ Ke8 20.g4 Qf6 21.Re1 Qxf2 22.Bg3 Qf6 23.Qb5+ Ke7
24.Qxd5 Kf8 25.Qb5 Qe7 26.Rd1 1-0

[Event "FIDE Open"]
[Site "Voronezh"]
[Date "2017.06.15"]
[Round "4.27"]
[White "Gitelson, Arkady"]
[Black "Nakonechny, Ignat"]
[Result "1/2-1/2"]
[WhiteElo "2120"]
[BlackElo "1893"]
[Annotator ""]
[Source ""]
[Remark ""]

1.e4 c5 2.b3 d6 3.Bb2 Nf6 4.Nc3 a6 5.f4 Nc6 6.Nf3 Bg4 7.Be2 Nh5
8.Ng5 Bxe2 9.Nxe2 e5 10.O-O exf4 11.Nh3 f3 12.Rxf3 Ne5 13.Rf1
Be7 14.d4 cxd4 15.Nxd4 Nf6 16.Nf5 O-O 17.Qd4 Re8 18.Rad1 Bf8
19.Ng5 h6 20.Nf3 Neg4 21.h3 Ne5 22.Nxd6 Nc6 23.Qd3 Bxd6 24.Qxd6
Qxd6 25.Rxd6 Nxe4 26.Rd7 Nc5 27.Rd5 Ne4 28.Nh4 Rad8 29.Rfd1 g6
30.Nf3 Rc8 31.Re1 Re7 32.Ba3 Re6 33.Rd7 b5 34.Nh4 Nf6 35.Rxe6
Nxd7 36.Rd6 Nf8 37.Bc1 Kg7 38.Bb2+ Kg8 39.a3 Nb8 40.Bc1 Kh7 1/2-1/2

[Event "FIDE Open"]
[Site "Voronezh"]
[Date "2017.06.15"]
[Round "4.28"]
[White "Tatarintsev, Egor"]
[Black "Zisin, Oleg"]
[Result "1-0"]
[WhiteElo "2085"]
[BlackElo "1870"]
[Annotator ""]
[Source ""]
[Remark ""]

1.e4 c5 2.c3 d5 3.exd5 Qxd5 4.Nf3 Nf6 5.Na3 Bg4 6.Be2 Nc6 7.O-O
e6 8.d4 cxd4 9.Nb5 Qd7 10.Nbxd4 Nxd4 11.Nxd4 Bxe2 12.Qxe2 Be7
13.Rd1 Qa4 14.b3 Qa5 15.Qb5+ Qxb5 16.Nxb5 O-O 17.c4 Rfd8 18.Be3
a6 19.Nc3 Nd7 20.Ne4 Ne5 21.Bb6 Rxd1+ 22.Rxd1 Rc8 23.f4 Nc6 24.Rd7
Bd8 25.Rxb7 Bxb6+ 26.Rxb6 a5 27.Kf2 h6 28.Nd6 Rc7 29.Rb7 Rxb7
30.Nxb7 1-0

[Event "FIDE Open"]
[Site "Voronezh"]
[Date "2017.06.15"]
[Round "4.29"]
[White "Knyazev, Pavel"]
[Black "Geranichev, Mikhail"]
[Result "0-1"]
[WhiteElo "1628"]
[BlackElo "2076"]
[Annotator ""]
[Source ""]
[Remark ""]

1.Nf3 Nf6 2.g3 d5 3.Bg2 g6 4.d3 Bg7 5.O-O O-O 6.Nbd2 c5 7.c4
Nc6 8.a3 b6 9.Rb1 a5 10.Qb3 a4 11.Qd1 Bb7 12.b3 dxc4 13.bxc4
Qc7 14.Bb2 Rfe8 15.Ne5 Nd8 16.Ndf3 Ne6 17.Qc2 Red8 18.Bc3 Ne8
19.Qb2 Ra6 20.Bh3 Nd4 21.Nxd4 cxd4 22.Bxd4 Rxd4 23.Qxd4 Bxe5
24.Qe3 Bd6 25.Rb5 Bc6 26.d4 Bxb5 27.cxb5 Ra8 28.Rc1 Qa7 29.Bg2
Rd8 30.Bc6 Qa5 31.Qd3 Nc7 32.Qc4 Nxb5 33.Bd5 Na7 34.Bxf7+ Kg7
35.Rc2 b5 0-1

[Event "FIDE Open"]
[Site "Voronezh"]
[Date "2017.06.15"]
[Round "4.30"]
[White "Koshelev, Vladimir"]
[Black "Gulko, Oleg"]
[Result "0-1"]
[WhiteElo "1725"]
[BlackElo "1956"]
[Annotator ""]
[Source ""]
[Remark ""]

1.e4 c6 2.Nf3 d5 3.exd5 cxd5 4.Ne5 Nc6 5.Bb5 Qb6 6.c4 Be6 7.Qa4
Rc8 8.Na3 a6 9.Bxc6+ bxc6 10.c5 Qxc5 11.d4 Qb6 12.Be3 Nf6 13.Rc1
Bd7 14.Nxd7 Nxd7 15.b4 e6 16.Nc2 Qb5 17.Qb3 Nb6 18.Bd2 Nc4 19.Bc3
Bd6 20.a4 Qb6 21.Na3 Bf4 22.Rb1 Nd6 23.g3 Bg5 24.h4 Bf6 25.Qd1
Ne4 26.Ba1 Be7 27.Nc2 O-O 28.O-O Rb8 29.Kg2 Qc7 30.Qd3 f5 31.f4
Rf6 32.Kf3 Rg6 33.Rg1 Bd6 34.Bc3 Be7 35.h5 Rh6 36.Rh1 Bf8 37.Rbg1
Qf7 38.Be1 Rxh5 39.Qxa6 Rxh1 40.Rxh1 Qe8 41.a5 Be7 42.Qe2 Qg6
43.Kg2 Bd6 44.Qh5 Qxh5 45.Rxh5 h6 46.Kf3 Kf7 47.Rh2 Ke7 48.Re2
Kd7 49.Re3 Kc7 50.Rb3 Kb7 51.b5 cxb5 52.Rxb5+ Ka6 53.Rxb8 Bxb8
54.Nb4+ Kb5 55.a6 Ba7 56.Ke3 Nxg3 57.Nxd5 Nf1+ 58.Ke2 exd5 59.Kxf1
Kxa6 0-1

[Event "FIDE Open"]
[Site "Voronezh"]
[Date "2017.06.15"]
[Round "4.31"]
[White "Matveenko, Yury"]
[Black "Kocharyan, Hayk"]
[Result "0-1"]
[WhiteElo "1928"]
[BlackElo "1604"]
[Annotator ""]
[Source ""]
[Remark ""]

1.b4 e5 2.Bb2 Bxb4 3.Bxe5 Nf6 4.c4 Nc6 5.Bb2 O-O 6.e3 d5 7.Nf3
Bf5 8.Be2 Re8 9.O-O Bd6 10.d4 Ne7 11.c5 Bxh2+ 12.Nxh2 Ng6 13.Nd2
Nh4 14.Ndf3 Ne4 15.Nxh4 Qxh4 16.Bg4 Bg6 17.Bh3 Bh5 18.Nf3 Qf6
19.g4 Bg6 20.Ne5 Qh4 21.Bg2 h5 22.gxh5 Bxh5 23.Qe1 Re6 24.f3
Ng3 25.Qf2 Rh6 26.Qc2 f6 27.Ng4 Bxg4 28.fxg4 c6 29.Rf4 g5 30.Rf5
Kg7 31.Bf3 Rah8 32.Bc3 Nxf5 33.Be1 Qh1+ 34.Bxh1 Rxh1+ 35.Kg2
R8h2+ 36.Kf3 Rxc2 37.gxf5 Rf1+ 0-1

[Event "FIDE Open"]
[Site "Voronezh"]
[Date "2017.06.15"]
[Round "4.32"]
[White "Zaitseva, Lyudmila"]
[Black "Makushin, Aleksandr"]
[Result "1-0"]
[WhiteElo "1922"]
[BlackElo "1753"]
[Annotator ""]
[Source ""]
[Remark ""]

1.e4 c6 2.Nc3 d5 3.Nf3 Nf6 4.e5 Ne4 5.d4 Nxc3 6.bxc3 Bg4 7.h3
Bxf3 8.Qxf3 e6 9.Rb1 Qc7 10.c4 Nd7 11.Be2 Be7 12.Qg3 g6 13.Bh6
Qa5+ 14.Bd2 Qxa2 15.O-O Qxc2 16.Qe3 Qe4 17.Qxe4 dxe4 18.Rxb7
c5 19.Bd1 Nb6 20.d5 exd5 21.cxd5 Nxd5 22.Ba4+ Kf8 23.Bc6 Rd8
24.Bh6+ Kg8 25.Bxd5 Rxd5 26.Rxe7 1-0

[Event "FIDE Open"]
[Site "Voronezh"]
[Date "2017.06.15"]
[Round "4.33"]
[White "Badtrutdinova, Darya"]
[Black "Gerasko, Viacheslav"]
[Result "0-1"]
[WhiteElo "1445"]
[BlackElo "1907"]
[Annotator ""]
[Source ""]
[Remark ""]

1.d4 Nf6 2.Bg5 Ne4 3.Bf4 d6 4.e3 g6 5.Nf3 Bg7 6.Nbd2 Nf6 7.Bc4
h6 8.h3 Nbd7 9.Bb3 b5 10.c3 Bb7 11.a4 a6 12.Qc2 c5 13.dxc5 dxc5
14.c4 b4 15.a5 O-O 16.O-O Re8 17.Ne5 Nh5 18.Nxd7 Qxd7 19.Ba4
Bc6 20.Bxc6 Qxc6 21.Bh2 Rad8 22.Rad1 Rd7 23.b3 Red8 24.Nf3 Qe6
25.Bc7 Rxd1 26.Rxd1 Rd7 27.Bb6 Rxd1+ 28.Qxd1 Qd6 29.Qxd6 exd6
30.Nd2 f5 31.Kf1 Kf7 32.Ke2 Ke7 33.e4 f4 34.Kf3 Be5 35.Nf1 Nf6
36.g3 g5 37.gxf4 Bxf4 38.h4 Nd7 39.Bc7 Ne5+ 40.Kg2 gxh4 41.Kh3
Bg5 42.f4 Bxf4 43.Kxh4 Nc6 44.Kg4 Bg5 45.Ng3 Kd7 46.Bb6 Nd4 47.e5
Nxb3 48.exd6 Kxd6 49.Ne4+ Ke6 50.Nxg5+ hxg5 51.Kxg5 Nd2 52.Kf4
Nxc4 53.Bd8 Kd5 0-1

[Event "FIDE Open"]
[Site "Voronezh"]
[Date "2017.06.15"]
[Round "4.34"]
[White "Polukhin, Alexander"]
[Black "Ioffe, Evgeny"]
[Result "0-1"]
[WhiteElo "1670"]
[BlackElo "2155"]
[Annotator ""]
[Source ""]
[Remark ""]

1.d4 d5 2.Bf4 Nf6 3.Nf3 c6 4.e3 Bf5 5.c4 e6 6.Qb3 Qb6 7.c5 Qxb3
8.axb3 Bxb1 9.Rxb1 Nbd7 10.b4 a6 11.Bd3 Be7 12.O-O O-O 13.Nd2
Rfe8 14.Nb3 Nh5 15.Bc7 Rac8 16.Ba5 g6 17.Nc1 e5 18.Ne2 Bf6 19.Rbd1
exd4 20.exd4 Bg7 21.Rfe1 Nf8 22.g4 Nf6 23.h3 Ne4 24.f3 Ng5 25.Kg2
Re3 26.Rf1 Rce8 27.Rf2 Nge6 28.Bc2 Rxe2 29.Rxe2 Nf4+ 30.Kf1 Rxe2 0-1

[Event "FIDE Open"]
[Site "Voronezh"]
[Date "2017.06.15"]
[Round "4.35"]
[White "Gaglazov, Mikhail"]
[Black "Bitkinin, Lenar"]
[Result "0-1"]
[WhiteElo "1668"]
[BlackElo "2094"]
[Annotator ""]
[Source ""]
[Remark ""]

1.e4 c5 2.Nc3 Nc6 3.Bb5 Nd4 4.Bc4 e6 5.Nf3 Ne7 6.Nxd4 cxd4 7.Ne2
Nc6 8.d3 b5 9.Bb3 Bb7 10.O-O Bc5 11.f4 Qc7 12.Ng3 O-O-O 13.Kh1
h5 14.c3 h4 15.Ne2 h3 16.g3 f5 17.Bc2 fxe4 18.dxe4 dxc3 19.Nxc3
a6 20.Re1 d5 21.e5 d4 22.Ne4 d3 23.Bb3 Nd4 24.Qxd3 Nxb3 25.Qxb3
Qc6 26.Qf3 Qxe4 27.Qxe4 Bxe4+ 28.Rxe4 Rd1+ 0-1

[Event "FIDE Open"]
[Site "Voronezh"]
[Date "2017.06.15"]
[Round "4.36"]
[White "Kumakov, Ivan"]
[Black "Bezgodova, Svetlana"]
[Result "0-1"]
[WhiteElo "1658"]
[BlackElo "2038"]
[Annotator ""]
[Source ""]
[Remark ""]

1.d4 Nf6 2.Bg5 Ne4 3.Bf4 c5 4.f3 Nf6 5.d5 d6 6.e4 g6 7.Nd2 Bg7
8.c3 O-O 9.Bd3 Na6 10.Ne2 Nc7 11.Nc4 Nh5 12.Qc2 b5 13.Ne3 c4
14.Nxc4 bxc4 15.Bxc4 Ba6 16.Bxa6 Nxf4 17.Nxf4 Nxa6 18.O-O Qb6+
19.Kh1 Rfc8 20.Nd3 Rab8 21.Rab1 Qa5 22.a3 Qb5 23.Rfc1 Qc4 24.Qd2
Nc5 25.Nxc5 Rxc5 26.h3 Rb3 27.Rc2 a5 28.Qe3 a4 29.Re1 Qb5 30.Ree2
Qb7 31.Rf2 Rcb5 32.Qe2 Rc5 33.Qe3 Qb5 34.f4 Bh6 35.Qf3 Bg7 36.f5
Qe8 37.fxg6 hxg6 38.h4 Be5 39.h5 f6 40.Qg4 Kg7 41.g3 Qf7 42.Rh2
Rb8 43.Rh3 f5 44.Qg5 fxe4 45.hxg6 Qxg6 46.Qxe7+ Kg8 47.Rch2 Rxd5
48.Qc7 Rd1+ 49.Kg2 Rxb2# 0-1

[Event "FIDE Open"]
[Site "Voronezh"]
[Date "2017.06.15"]
[Round "4.37"]
[White "Smiyan, Vladimir"]
[Black "Tatarintsev, Mikhail"]
[Result "1-0"]
[WhiteElo "1983"]
[BlackElo "1655"]
[Annotator ""]
[Source ""]
[Remark ""]

1.d4 d5 2.Nf3 Nf6 3.c4 c6 4.e3 e6 5.Bd3 Bd6 6.b3 Nbd7 7.Bb2 Qc7
8.Nc3 O-O 9.Rc1 Qb8 10.O-O e5 11.cxd5 cxd5 12.dxe5 Nxe5 13.Nxe5
Bxe5 14.f4 Bc7 15.Nb5 Bd6 16.Bxf6 gxf6 17.Qh5 Re8 18.Rxc8 Rxc8
19.Qh6 Rc7 20.Nxd6 Rd7 21.Bxh7+ Kh8 22.Bf5+ Kg8 23.Rf3 1-0

[Event "FIDE Open"]
[Site "Voronezh"]
[Date "2017.06.15"]
[Round "4.38"]
[White "Chekletsova, Darya"]
[Black "Asefi, Zaheeruddeen"]
[Result "0-1"]
[WhiteElo "1657"]
[BlackElo "1960"]
[Annotator ""]
[Source ""]
[Remark ""]

1.d4 Nf6 2.c4 c5 3.Nf3 cxd4 4.Nxd4 Nc6 5.Nc3 g6 6.Bg5 Bg7 7.e3
Qa5 8.Bxf6 Bxf6 9.Be2 O-O 10.O-O Nxd4 11.exd4 Qb6 12.Nb5 d6 13.b4
Rd8 14.c5 dxc5 15.bxc5 Qa5 16.Qc2 a6 17.Nc3 Bxd4 18.Rad1 Qxc5
19.Qb3 Be6 20.Qc2 Qxc3 21.Qe4 b5 0-1

[Event "FIDE Open"]
[Site "Voronezh"]
[Date "2017.06.15"]
[Round "4.39"]
[White "Ragimli, Deniz"]
[Black "Grishchenko, Vladimir"]
[Result "1-0"]
[WhiteElo "1648"]
[BlackElo "1939"]
[Annotator ""]
[Source ""]
[Remark ""]

1.e4 c5 2.Nf3 e6 3.g3 a6 4.Bg2 Nc6 5.O-O Qc7 6.c3 Nf6 7.Re1 d5
8.exd5 Nxd5 9.d4 cxd4 10.Nxd4 Be7 11.Nxc6 bxc6 12.c4 Nf6 13.Bf4
Qd7 14.Nc3 O-O 15.Qa4 Bb7 16.Rad1 Qc8 17.Ne4 Nxe4 18.Bxe4 Rd8
19.Rxd8+ Bxd8 20.Rd1 Bf6 21.Qc2 h6 22.Bd6 g6 23.Bxg6 c5 24.Bxf7+
Kxf7 25.Qh7+ Bg7 26.Be5 Qc6 27.Qxg7+ Ke8 28.Qg6+ Ke7 29.Bf6+ 1-0

[Event "FIDE Open"]
[Site "Voronezh"]
[Date "2017.06.15"]
[Round "4.40"]
[White "Bukatin, Arseny"]
[Black "Shcherbinin, Nikolay"]
[Result "1-0"]
[WhiteElo "1883"]
[BlackElo "1602"]
[Annotator ""]
[Source ""]
[Remark ""]

1.e4 c5 2.Nf3 g6 3.d4 cxd4 4.Nxd4 Bg7 5.Be3 d6 6.Nc3 Nc6 7.f3
Nf6 8.Qd2 O-O 9.O-O-O Bd7 10.g4 Qa5 11.Kb1 Rfc8 12.h4 Ne5 13.h5
Nc4 14.Bxc4 Rxc4 15.hxg6 fxg6 16.Nb3 Qd8 17.g5 Nh5 18.Qd5+ 1-0

[Event "FIDE Open"]
[Site "Voronezh"]
[Date "2017.06.15"]
[Round "4.41"]
[White "Stroganov, Andrey"]
[Black "Vasiljev, Ilya"]
[Result "0-1"]
[WhiteElo "1879"]
[BlackElo "1644"]
[Annotator ""]
[Source ""]
[Remark ""]

1.d4 e6 2.Nf3 Nf6 3.Bf4 b6 4.e3 Bb7 5.Bd3 Ne4 6.Nbd2 f5 7.Ne5
Nf6 8.O-O Be7 9.Qe2 O-O 10.a4 Nc6 11.c3 a5 12.e4 Nxe5 13.dxe5
Nxe4 14.Nxe4 fxe4 15.Bxe4 Bxe4 16.Qxe4 Bc5 17.b4 Be7 18.Rfd1
Qe8 19.Rd3 axb4 20.cxb4 Qf7 21.Bg3 Rad8 22.Qc4 c5 23.b5 d5 24.exd6
Bxd6 25.Rxd6 Rxd6 26.Bxd6 Qxf2+ 27.Kh1 Rf6 28.Bg3 Qd2 29.Rc1
h5 30.Bf4 Qxf4 31.h3 Qd2 32.Ra1 Qf4 33.Qa2 Qf2 34.Qc4 Qf4 35.Qa2
Qf2 36.Qc4 Qf4 37.Qe2 Qf5 38.a5 bxa5 39.b6 Rf7 40.Qa6 Qd5 41.Qc8+
Kh7 42.Rb1 Rf2 43.Rg1 Rb2 44.Qc7 a4 45.Qg3 Rb3 46.Qh4 c4 0-1

[Event "FIDE Open"]
[Site "Voronezh"]
[Date "2017.06.15"]
[Round "4.42"]
[White "Ryumshin, Vladislav"]
[Black "Maraktanov, Andrey"]
[Result "0-1"]
[WhiteElo "1603"]
[BlackElo "1821"]
[Annotator ""]
[Source ""]
[Remark ""]

1.e4 c5 2.Nf3 g6 3.d4 cxd4 4.Nxd4 Bg7 5.Be3 Nc6 6.Nc3 Nf6 7.Be2
O-O 8.O-O a6 9.h3 d5 10.exd5 Nxd5 11.Nxd5 Qxd5 12.Bf3 Qc4 13.Nxc6
bxc6 14.c3 Rb8 15.Qd2 Bf5 16.Rfd1 a5 17.Be2 Qe4 18.Bf3 Qc4 19.Be2
Qe6 20.Bf3 h5 21.Bf4 Rb7 22.b3 Qf6 23.Bg5 Qe5 24.Bxc6 Rb6 25.Bf3
Qxc3 26.Qxc3 Bxc3 27.Rac1 Bb4 28.Rc7 f6 29.Be3 Rd6 30.Rxd6 Bxd6
31.Ra7 Bb4 32.Bb6 Rc8 33.Bxa5 Rc1+ 34.Kh2 Bc5 35.Ra8+ Kg7 36.Bd2
Bd6+ 37.g3 Rc2 38.Be3 h4 39.Kg2 hxg3 40.Ra5 gxf2 41.Bxf2 Bxh3+
42.Kxh3 Rxf2 43.Bb7 f5 44.Bg2 g5 0-1

[Event "FIDE Open"]
[Site "Voronezh"]
[Date "2017.06.15"]
[Round "4.43"]
[White "Vlasova, Zlata"]
[Black "Moiseeva, Polina"]
[Result "1-0"]
[WhiteElo "1819"]
[BlackElo "1547"]
[Annotator ""]
[Source ""]
[Remark ""]

1.e4 d5 2.exd5 Qxd5 3.Nc3 Qd6 4.d4 Nf6 5.Nf3 c6 6.h3 Bf5 7.Bd3
Bxd3 8.Qxd3 e6 9.Be3 Be7 10.O-O-O O-O 11.g4 b5 12.g5 Nh5 13.Kb1
Nf4 14.Qd2 Nd5 15.Ne4 Qc7 16.Rdg1 Nxe3 17.Qxe3 Nd7 18.h4 c5 19.h5
c4 20.Nh2 b4 21.Ng4 c3 22.Qd3 cxb2 23.Nef6+ Nxf6 24.gxf6 g6 25.fxe7
Qxe7 26.Ne5 Rfc8 27.hxg6 fxg6 28.Nxg6 hxg6 29.Qxg6+ Kf8 30.Rh8# 1-0

[Event "FIDE Open"]
[Site "Voronezh"]
[Date "2017.06.15"]
[Round "4.44"]
[White "Titov, Oleg"]
[Black "Teryaeva, Valeria"]
[Result "1/2-1/2"]
[WhiteElo "1598"]
[BlackElo "1814"]
[Annotator ""]
[Source ""]
[Remark ""]

1.e4 c5 2.Nf3 e6 3.d4 cxd4 4.Nxd4 Nf6 5.Nc3 Nc6 6.Be2 Bb4 7.Bg5
Qa5 8.Nxc6 Bxc3+ 9.bxc3 Qxg5 10.Nd4 Nxe4 11.Bf3 Nxc3 12.Qd3 Qe5+
13.Qe3 Qxe3+ 14.fxe3 d5 15.a4 Bd7 16.a5 O-O 17.Kd2 Rfc8 18.Ra3
Nb5 19.Nxb5 Bxb5 20.e4 dxe4 21.Bxe4 Rc7 22.Rb1 Rd8+ 23.Ke3 Ba6
24.Rab3 Rc5 25.Bxb7 Bxb7 26.Rxb7 Rxa5 27.Rd1 Rf8 28.Rdd7 Rh5
29.c4 a5 30.Kd4 Rxh2 31.c5 Rh4+ 32.Ke5 Rh5+ 33.Kd6 a4 34.c6 Ra5
35.Ra7 Rd5+ 36.Ke7 Rc5 37.c7 a3 38.Rxa3 f5 39.Kd6 Rd5+ 40.Kc6
Rxd7 41.Kxd7 Kf7 42.c8Q Rxc8 43.Kxc8 Kf6 44.Kd7 e5 45.Ra6+ Kg5
46.Kd6 e4 47.Ke5 Kg4 48.Kd4 g5 49.Ke3 h5 50.Rg6 h4 51.Rg8 Kh5
52.Rf8 Kg4 53.Kf2 f4 54.Re8 e3+ 55.Kf1 Kg3 56.Rg8 g4 57.Rf8 h3
58.gxh3 gxh3 59.Rg8+ Kf3 60.Rh8 Kg3 61.Rg8+ Kf3 1/2-1/2

[Event "FIDE Open"]
[Site "Voronezh"]
[Date "2017.06.15"]
[Round "4.45"]
[White "Stepanischev, Gregory"]
[Black "Elkina, Yuliya"]
[Result "0-1"]
[WhiteElo "1799"]
[BlackElo "1591"]
[Annotator ""]
[Source ""]
[Remark ""]

1.d4 e6 2.c4 f5 3.Nc3 Nf6 4.Bg5 Bb4 5.Qc2 b6 6.Nf3 Bb7 7.Nd2
h6 8.Bxf6 Qxf6 9.e3 O-O 10.O-O-O d6 11.Rg1 Nd7 12.f4 e5 13.Nb3
Bxc3 14.Qxc3 Rfd8 15.h3 a5 16.g4 fxg4 17.Rd2 a4 18.Na1 exf4 19.Rf2
f3 20.Rxg4 Rf8 21.Nc2 c5 22.Bd3 cxd4 23.Nxd4 Ne5 24.Rf4 Nxd3+
25.Qxd3 Qe5 26.Nf5 Rf6 27.Rf1 Raf8 28.Nxh6+ Rxh6 29.Rg4 f2 30.e4
Rf4 31.Qg3 Rxg4 32.Qxg4 Qxe4 33.Qxe4 Bxe4 34.Rxf2 Rxh3 35.Rf4
Bh7 36.Rd4 Rd3 0-1

[Event "FIDE Open"]
[Site "Voronezh"]
[Date "2017.06.15"]
[Round "4.46"]
[White "Smirnov, Mark A."]
[Black "Ismailov, Samir"]
[Result "1/2-1/2"]
[WhiteElo "1762"]
[BlackElo "1517"]
[Annotator ""]
[Source ""]
[Remark ""]

1.d4 Nf6 2.c4 c5 3.d5 b5 4.cxb5 a6 5.Nc3 axb5 6.e4 b4 7.Nb5 Ba6
8.e5 Ng8 9.a4 g6 10.b3 Bg7 11.Bb2 Nh6 12.Nf3 O-O 13.Bd3 Qb6 14.O-O
d6 15.Qe2 Nd7 16.exd6 exd6 17.Bxg7 Kxg7 18.Rfe1 Nf6 19.Qb2 Qd8
20.h3 Kg8 21.Qd2 Nf5 22.Bxf5 gxf5 23.Nc7 Ne4 24.Rxe4 fxe4 25.Nxa8
exf3 26.Re1 f6 27.Re4 Rf7 28.Qe3 Kg7 29.Re8 Qd7 30.Nb6 Qf5 31.Re4
Rb7 32.Re7+ Rxe7 33.Qxe7+ Kg6 34.Nd7 fxg2 35.Nf8+ Kh6 36.Ne6
Qb1+ 37.Kxg2 Qf1+ 38.Kg3 Qg1+ 39.Kf3 Qh1+ 40.Kg3 Qg1+ 41.Kf3
Qh1+ 1/2-1/2

[Event "FIDE Open"]
[Site "Voronezh"]
[Date "2017.06.15"]
[Round "4.47"]
[White "Karpuzov, Georgiy"]
[Black "Smaleva, Stanislava"]
[Result "1-0"]
[WhiteElo "1755"]
[BlackElo "1446"]
[Annotator ""]
[Source ""]
[Remark ""]

1.e4 e5 2.Nf3 Nc6 3.d4 exd4 4.Nxd4 Bc5 5.Be3 Qf6 6.c3 Nge7 7.Nd2
Nxd4 8.e5 Qxe5 9.cxd4 Bxd4 10.Nc4 Bc3+ 11.bxc3 Qxc3+ 12.Bd2 Qf6
13.Be2 O-O 14.O-O d5 15.Ne3 d4 16.Ng4 Qd6 17.h3 c5 18.Qc1 Ng6
19.Rb1 a6 20.a4 b6 21.Qb2 Rb8 22.Ba5 Bxg4 23.hxg4 bxa5 24.Qd2
Rb4 25.Ra1 Rfb8 26.Rfc1 Ne5 27.f4 Nd7 28.g5 Rb2 29.Qd3 Qxf4 30.Bf3
Qe3+ 31.Qxe3 dxe3 32.Re1 R8b3 33.Rad1 Rd2 34.Rxd2 exd2 35.Re8+
Nf8 36.Rd8 Rb1+ 37.Kf2 Ra1 38.Rxd2 Rxa4 39.Rc2 Ne6 40.Bd5 Nxg5
41.Rxc5 g6 42.Rc6 h5 43.Rxg6+ Kh7 44.Rxg5 Kh6 45.Rf5 Kg6 46.Rxf7
Rd4 47.Rd7 Kf6 48.Bc6 Rxd7 49.Bxd7 Kg5 50.Kf3 h4 51.Ke4 a4 52.Kd4
Kf4 53.Kc3 a5 54.Kb2 Kg3 55.Bh3 1-0

[Event "FIDE Open"]
[Site "Voronezh"]
[Date "2017.06.15"]
[Round "4.48"]
[White "Kobozev, Aleksandr"]
[Black "Ivlev, Aleksandr"]
[Result "1-0"]
[WhiteElo "1497"]
[BlackElo "1717"]
[Annotator ""]
[Source ""]
[Remark ""]

1.e4 c5 2.c3 d6 3.d4 cxd4 4.cxd4 Nf6 5.Nc3 g6 6.Be3 Bg7 7.Bd3
O-O 8.f3 h5 9.Nge2 a6 10.a4 Nc6 11.O-O e5 12.d5 Nb8 13.a5 Nbd7
14.Na4 Ne8 15.Bb6 Qe7 16.b4 Qg5 17.Nec3 f5 18.Kh1 f4 19.Rg1 h4
20.Qe1 Ndf6 21.Bf2 h3 22.g3 fxg3 23.Rxg3 Qh6 24.Be3 Qh7 25.Qg1
Nh5 26.Rxg6 Kf7 27.Rg5 Bf6 28.f4 Bxg5 29.fxg5 Qg6 30.Nb6 Rb8
31.Bc5 dxc5 32.Qxc5 Nd6 33.Qc7+ Ke8 34.Qxb8 Qxg5 35.Rg1 Qe3 36.Be2
Nf4 37.Nxc8 Ng2 38.Nxd6+ Ke7 39.Qc7+ Kf6 40.Nf5 Qg5 41.Qe7+ Kg6
42.Qg7# 1-0

[Event "FIDE Open"]
[Site "Voronezh"]
[Date "2017.06.15"]
[Round "4.50"]
[White "Ternovskiy, Alexey"]
[Black "Volovich, Evgeny"]
[Result "1-0"]
[WhiteElo "1707"]
[BlackElo "1353"]
[Annotator ""]
[Source ""]
[Remark ""]

1.d4 e6 2.c4 d5 3.Nc3 Nf6 4.Bg5 Nbd7 5.cxd5 exd5 6.e3 Be7 7.Nf3
O-O 8.Bd3 Nb6 9.Ne5 c6 10.Qc2 h6 11.Bh4 Be6 12.Ne2 Nbd7 13.Bxf6
Bxf6 14.f4 Nxe5 15.dxe5 Be7 16.O-O Bg4 17.f5 Qb6 18.Nd4 c5 19.Rf4
h5 20.f6 gxf6 21.Rxg4+ hxg4 22.Nf5 Qe6 23.Nh6+ Kg7 24.Bf5 Qc6
25.Nxg4 fxe5 26.Nxe5 Qd6 27.Ng4 Bg5 28.Rf1 d4 29.Rd1 Rfd8 30.exd4
cxd4 31.Qd3 Qe7 32.a3 Be3+ 33.Kh1 Qc5 34.Rf1 b5 35.Qe4 Qd5 36.Qe7
Re8 37.Qf6+ Kf8 38.Qh8+ Ke7 39.Qf6+ Kf8 40.Bg6 Bg5 41.Bxf7 Bxf6
42.Bxd5 Ke7 43.Bxa8 Rxa8 44.Nxf6 1-0

[Event "FIDE Open"]
[Site "Voronezh"]
[Date "2017.06.15"]
[Round "4.53"]
[White "Foshenko, Kirill"]
[Black "Yudakov, Alexey"]
[Result "0-1"]
[WhiteElo "1710"]
[BlackElo "1556"]
[Annotator ""]
[Source ""]
[Remark ""]

1.d4 d5 2.c4 e6 3.Nf3 Nf6 4.g3 c6 5.Bg2 Nbd7 6.O-O Be7 7.Qc2
O-O 8.Nbd2 h6 9.e4 dxe4 10.Nxe4 Nxe4 11.Qxe4 Nf6 12.Qc2 Bd6 13.b3
Bd7 14.Bb2 Rc8 15.c5 Bb8 16.Rfe1 b6 17.Rad1 Nd5 18.a3 a5 19.Ne5
Ba7 20.Nc4 bxc5 21.Nd6 Rb8 22.dxc5 Be8 23.Re4 Qe7 24.Nf5 Qxc5
25.Nxh6+ Kh8 26.Rc4 Qxf2+ 27.Qxf2 Bxf2+ 28.Kxf2 Rxb3 29.Rd2 Rxb2
30.Rxb2 gxh6 31.Rb8 Kg7 32.Bxd5 exd5 33.Rg4+ Kf6 34.Ra4 Ke7 35.Rxa5
Bd7 36.Rxf8 Kxf8 37.Ra8+ Kg7 38.a4 c5 39.a5 c4 40.Ke3 c3 41.Rd8
d4+ 42.Ke2 Bb5+ 43.Kd1 d3 44.Rc8 Ba4+ 45.Ke1 d2+ 0-1

[Event "FIDE Open"]
[Site "Voronezh"]
[Date "2017.06.15"]
[Round "4.54"]
[White "Shilo, Kirill"]
[Black "Astakhov, Alexander"]
[Result "1/2-1/2"]
[WhiteElo "1882"]
[BlackElo "1798"]
[Annotator ""]
[Source ""]
[Remark ""]

1.e4 Nf6 2.e5 Nd5 3.c4 Nb6 4.d4 d6 5.exd6 exd6 6.Nf3 Bg4 7.Be3
Nc6 8.Nbd2 Be7 9.Be2 Bf6 10.O-O O-O 11.Rc1 Re8 12.b3 d5 13.c5
Nd7 14.a3 Nf8 15.b4 Ne6 16.Nb3 Ne7 17.Qd2 c6 18.h3 Bxf3 19.Bxf3
Nf5 20.Qd3 Nxe3 21.fxe3 Ng5 22.Rce1 Qc7 23.e4 Nxh3+ 24.gxh3 Qg3+
25.Kh1 Qxh3+ 26.Kg1 Qg3+ 27.Kh1 Qh3+ 28.Kg1 Qg3+ 29.Kh1 Qh3+ 1/2-1/2